| 000 | 00505nam a2200169 4500 | ||
|---|---|---|---|
| 001 | 120233 | ||
| 003 | ES-MaACL | ||
| 005 | 20230906191508.0 | ||
| 007 | t| | ||
| 008 | 070214s1944 ag r ||||1| spa d | ||
| 100 | 1 |
_aPirandello, Luigi. _992338 |
|
| 245 | 1 | 0 |
_aPrimera noche y otros cuentos / _cLuigi Pirandello ; [traducción de Manuel Aguirre]. |
| 260 |
_aBuenos Aires : _bCorinto, _c1944. |
||
| 300 |
_a226 p. ; _c20 cm. |
||
| 700 | 1 |
_aAguirre, Manuel. _918838 |
|
| 852 |
_aES-MaACL _jD-6335 _bR.30170 |
||
| 999 |
_c120233 _d120233 |
||